ABD'nin Eyaletleri (Haritalı) - Statistics

General Stats
  • This quiz has been taken 5 938 times
  • The average score is 20 of 50
Answers on the Map
Answers color-coded by a green-red scale on the quiz's map according to % correct below.
 
Answer Stats
State % Correct
New York
87%
Alaska
81%
Washington
81%
Teksas
80%
Florida
73%
Kaliforniya
73%
Ohio
57%
Hawaii
56%
Arizona
52%
Alabama
51%
New Mexico
51%
Nevada
49%
New Jersey
48%
Utah
46%
Pensilvanya
44%
Mississippi
43%
Kuzey Dakota
42%
Güney Dakota
41%
Oregon
41%
Georgia
38%
Kansas
38%
Michigan
38%
Virginia
38%
Arkansas
37%
Kentucky
36%
Oklahoma
36%
İndiana
34%
Kuzey Carolina
34%
Montana
34%
Wyoming
34%
Güney Carolina
33%
İdaho
33%
Kolorado
32%
Minnesota
32%
Nebraska
32%
İllinois
31%
Maryland
29%
Tennessee
29%
Batı Virginia
28%
Maine
28%
İowa
27%
Louisiana
26%
Wisconsin
26%
Massachusetts
24%
Missouri
24%
New Hampshire
24%
Delaware
23%
Vermont
22%
Connecticut
21%
Rhode Adaları
17%
No matching quizzes found
Score Distribution
Percent of People with Each Score
Percentile by Number Answered
Your Score History
You have not taken this quiz